| 000 | 00358nam a2200109Ia 4500 | ||
|---|---|---|---|
| 008 | 230907s9999||||xx |||||||||||||| ||und|| | ||
| 082 |
_a621.3 _bIEC |
||
| 100 |
_aIEC Standards _9117978 |
||
| 245 | 0 | _aIEC 60950-23 ED. 1.0 B:2005: INFORMATION TECHNOLOGY EQUIPMENT - SAFETY - PART 23: LARGE DATA STORAGE EQUIPMENT | |
| 260 |
_bIEC _c2019-09-13 |
||
| 942 |
_2ddc _cEB |
||
| 999 |
_c599860 _d599860 |
||